000 00264nam a2200109Ia 4500
008 201223s9999 xx 000 0 und d
100 _aMalayala Manoraman
245 0 _aManorama Yearbook 1993
260 _aKottayam
_bMalayala Manorama
300 _a784
942 _cBK
999 _c8457
_d8457